Briefing on construction sector in Brazil (Record no. 111012)

MARC details
000 -LEADER
fixed length control field 00891cad a22002055a 4500
001 - CONTROL NUMBER
control field L150897
008 - FIXED-LENGTH DATA ELEMENTS--GENERAL INFORMATION
fixed length control field 100913s2010 xxk f 000 0 eng d
035 ## - SYSTEM CONTROL NUMBER
System control number (Sirsi) u150897
041 0# - LANGUAGE CODE
Language code of text/sound track or separate title eng
050 04 - LIBRARY OF CONGRESS CALL NUMBER
Classification number 692.5098 $2 18
110 2# - MAIN ENTRY--CORPORATE NAME
Corporate name or jurisdiction name as entry element UK Trade and Investment
9 (RLIN) 4699
245 00 - TITLE STATEMENT
Title Briefing on construction sector in Brazil
Medium [electronic resource]
260 ## - PUBLICATION, DISTRIBUTION, ETC.
Place of publication, distribution, etc. [S.I.]
Name of publisher, distributor, etc. UKTI
Date of publication, distribution, etc. 2010
520 ## - SUMMARY, ETC.
Summary, etc. Overview of the construction opportunities in Brazil; economy; housing; real estate; shopping; hotel; industrial; sustainable construction; infrastructure; roads; why Brazil? major events and activities; UKTI contacts; next steps and how UKTI can help.
590 ## - LOCAL NOTE (RLIN)
Local note KA NTK
651 #4 - SUBJECT ADDED ENTRY--GEOGRAPHIC NAME
Geographic name Brazil
690 ## - LOCAL SUBJECT ADDED ENTRY--TOPICAL TERM (OCLC, RLIN)
Topical term or geographic name as entry element BUILT ENVIRONMENT-BUILDING COSTS
856 48 - ELECTRONIC LOCATION AND ACCESS
Uniform Resource Identifier <a href="https://www.ukti.gov.uk/uktihome/home/sectorbriefing/110266.html">https://www.ukti.gov.uk/uktihome/home/sectorbriefing/110266.html</a>
Public note View the website free of charge at www.ukti.gov.uk
942 ## - ADDED ENTRY ELEMENTS (KOHA)
Suppress in OPAC 0
Holdings
Withdrawn status Lost status Source of classification or shelving scheme Damaged status Not for loan Home library Current library Shelving location Date acquired Total Checkouts Full call number Barcode Date last seen Copy number Price effective from Koha item type
    Dewey Decimal Classification     Virtual Virtual Online 13/09/2010   ONLINE PUBLICATION 150897-1001 06/08/2019 1 06/08/2019 Book